01069 2200337 4500001002100000005001500021035002000036007000300056008004100059020002200100040002200122082001400144084001600158090002000174090002200194100002500216245009700241250003400338300004100372650001800413700002200431850001200453504003400465264004500499336002100544337003000565338002300595546006900618999002200687990002200709INLIS00000000085500720200312083824 a0010-0320000334ta200312t2020 yoia g ind d a978-623-244-131-6 aYOPDYOGbinderda04223a495.6 a495.6 ANI p aDEP 495.6 ANI p aCB-D.11 2020-00600 aAnis Faridaepenulis10aPanduan lengkap kuasai bahasa jepang tanpa kursus /cpenulis, Anis Farida; penyunting, Amira aCetakan pertama, Januari 2020 av, 409 halaman :bilustrasi ;c20 cm 4aBahasa Jepang0 aAmiraepenyunting aYOPDYOG aBibliografi : halaman 407-408 1aYogyakarta :bPusat Kajian Bahasa,c2020 2rdacontentateks 2rdamediaatanpa perantara 2rdacarrieravolume aTeks terdiri dari dua bahasa, Bahasa Indonesia dan Bahasa Jepang aCB-D.11/2020-0060 aCB-D.11/2020-0060